000 00944nam a22002897a 4500
003 CHAP
005 20220329143616.0
008 100908s2009 mx a r 00010 spa d
010 _a99219
011 _a100191
020 _a9786074270556
035 _a110877
040 _cCHAP
082 0 4 _a303.485
_bM98 2009
110 2 _aMéxico. Secretaría de Gobernación
_977180
245 1 0 _aConstitución política de los Estados Unidos Mexicanos
_c/por Secretaría de Gobernación
260 _aMéxico, D.F. :
_bSEGOB,
_c2009
300 _a239 p. :
_bilus., mapas, tablas
590 _aBATCH-UPD
_b10
_c20130110
_lUCH01
_h0928
590 _aBATCH-UPD
_b10
_c20130410
_lUCH01
_h0548
590 _aBATCH-UPD
_b10
_c20130914
_lUCH01
_h1824
590 _aCONVERSION
_b10
_c20130109
_lUCH01
_h1355
650 1 4 _aMéxico
_xConstitución.
_976735
901 _aBK
942 _cLIBRO
949 _a342.72 M98 2009
_bBC
_cC
_d33724002176545
_eC
_h113390
_i110877
_sb
999 _c99219
_d99219